Bezpečnost a ochrana zdraví při práci v organizacích SD
Salvato in:
| Autore principale: | |
|---|---|
| Natura: | Libro |
| Lingua: | ceco |
| Pubblicazione: |
Praha
Svépomoc
1985
|
| Edizione: | 1. vyd. |
| Tags: |
Nessun Tag, puoi essere il primo ad aggiungerne!!
|
MARC
| LEADER | 00000nam a2200000 4500 | ||
|---|---|---|---|
| 001 | c104755 | ||
| 005 | 20221220081638.8 | ||
| 041 | 0 | |a cze | |
| 044 | |a CZ | ||
| 245 | 1 | 0 | |a Bezpečnost a ochrana zdraví při práci v organizacích SD |c Miroslav Kupilík |
| 250 | |a 1. vyd. | ||
| 264 | 1 | |a Praha |b Svépomoc |c 1985 | |
| 300 | |a 377 s. | ||
| 100 | 1 | |a Kupilík, Miroslav | |